000
00325nam a22001457a 4500
008
230907b ||||| |||| 00| 0 eng d
020
_a
9780716733874
041
_a
eng
080
_a
101
082
_a
101SHE
100
_a
44
101
_a
FILOZ
245
_a
WHY PEOPLE BELIEVE WEIRD THINGS
_c
SHERMER.M
942
_2
udc
_c
BK
999
_c
60275
_d
60275